Ứng dụng công thức Viete vào giải toán thuộc chương trình THPT
Đa thức. Một số ứng dụng công thức Viete
Gorde:
| Egile nagusia: | |
|---|---|
| Beste egile batzuk: | |
| Formatua: | Liburua |
| Hizkuntza: | Vietnamese |
| Argitaratua: |
Đà Nẵng
Đại học Đà Nẵng
2011
|
| Saila: | Luận văn thạc sĩ khoa học . Chuyên ngành: Phương pháp Toán sơ cấp
|
| Gaiak: | |
| Etiketak: |
Etiketa erantsi
Etiketarik gabe, Izan zaitez lehena erregistro honi etiketa jartzen!
|
| Thư viện lưu trữ: | Mạng thư viện Đại học Đà Nẵng |
|---|
| LEADER | 01065nam a2200313 4500 | ||
|---|---|---|---|
| 001 | 000012614 | ||
| 003 | 8922 | ||
| 005 | 20120222160249.0 | ||
| 008 | 120222s2011 viesd | ||
| 041 | |a vie | ||
| 072 | |a Khóa luận tốt nghiệp | ||
| 082 | |a 512 |b TR-H | ||
| 100 | |a Trần, Thị Ái Hoa | ||
| 245 | |a Ứng dụng công thức Viete vào giải toán thuộc chương trình THPT |c Trần, Thị Ái Hoa | ||
| 260 | |a Đà Nẵng |b Đại học Đà Nẵng |c 2011 | ||
| 300 | |a 63 tr. |c 29 cm |e tóm tắt + đia CD | ||
| 490 | |a Luận văn thạc sĩ khoa học . Chuyên ngành: Phương pháp Toán sơ cấp | ||
| 500 | |a Tham khảo tr.62 | ||
| 520 | |a Đa thức. Một số ứng dụng công thức Viete | ||
| 653 | |a Luận văn thạc sí | ||
| 700 | |a Nguyễn, Ngọc Châu |c TS |e Hướng dẫn | ||
| OWN | |a LSP | ||
| 999 | |a From the UDN01 | ||
| TYP | |a Monograph | ||
| TYP | |a Printed language | ||
| 980 | |a Mạng thư viện Đại học Đà Nẵng | ||